000 00558nam a2200217Ia 4500
001 7261
003 GE_BSU
008 181216s||||||||xx |||||||||||||| ||und||
040 _cGE_BSU
080 _a621.87
100 _aВайнсон,А.А.
245 _aСтроительные краны.
245 _cред.А.П.Бирюков.
260 _aМ.
260 _bМашиностроение.
260 _c1969.
300 _a488стр. с илл. 26см.
300 _eтабл.
653 _aСтроительные краны.
942 _cBK
999 _c40633
_d40633